000 00845nab a2200253 u 4500
001 16239
003 HDC
007 cr bn ---aaaaa
008 210220c20120718xx dr|noo 0 a eng d
040 _aHDC
100 _aMohammed A. Khan
_eauthor
_916110
245 0 _aUSA: How Halal Exports Boost the US Economy / by
_cMohammed A. Khan
260 _a[No place] :
_b[publisher not identified],
_c2012
336 _atext
_2rdacontent
337 _acomputer
_2rdamedia
338 _aonline resource
_2rdacarrier
650 _aHalal Exports
_98237
650 _ahalal products
_9642
710 _aHalal Focus
856 _zRequest full-text at [email protected]
942 _2lcc
942 _cNEWS
942 _kNWSO 005655
999 _c13555
_d13555